Dios y el hombre / (Record no. 68442)

MARC details
000 -LEADER
campo de control de longitud fija 00817nam a22002295i 4500
001 - NÚMERO DE CONTROL
campo de control 68442
003 - IDENTIFICADOR DE NÚMERO DE CONTROL
campo de control ES-MaACL
005 - FECHA Y HORA DE LA ÚLTIMA TRANSACCIÓN
campo de control 20250805062546.0
007 - CAMPO FIJO DE DESCRIPCIÓN FÍSICA--INFORMACIÓN GENERAL
campo de control de longitud fija t|
008 - DATOS DE LONGITUD FIJA--INFORMACIÓN GENERAL
campo de control de longitud fija 961128s1863 sp ||||1| spa d
040 ## - FUENTE DE CATALOGACIÓN
Centro catalogador/agencia de origen CLM
Lengua de catalogación spa
Centro/agencia transcriptor CCPB | SIC
100 1# - ENTRADA PRINCIPAL--NOMBRE DE PERSONA
Nombre de persona García Ruiz, Eugenio.
9 (RLIN) 55237
245 10 - MENCIÓN DEL TÍTULO
Título Dios y el hombre /
Mención de responsabilidad, etc. por Eugenio García Ruiz.
260 ## - PUBLICACIÓN, DISTRIBUCIÓN, ETC.
Lugar de publicación, distribución, etc. Madrid :
Nombre del editor, distribuidor, etc. [s.n.],
Fecha de publicación, distribución, etc. 1863 (
Fabricante Imprenta de J. Antonio Ortigosa)
300 ## - DESCRIPCIÓN FÍSICA
Extensión 478 p. ;
Dimensiones 22 cm.
530 ## - NOTA DISPONIBLE DE FORMULARIO FÍSICO ADICIONAL
Nota de formato físico adicional disponible Disponible en formato digital.
650 #7 - PUNTO DE ACCESO ADICIONAL DE MATERIA--TÉRMINO DE MATERIA
Término de materia o nombre geográfico como elemento de entrada Antropología teológica
Fuente del encabezamiento o término embne
9 (RLIN) 143894
650 #4 - PUNTO DE ACCESO ADICIONAL DE MATERIA--TÉRMINO DE MATERIA
Término de materia o nombre geográfico como elemento de entrada Política-
Subdivisión general Filosofía
9 (RLIN) 16274
852 ## - LOCALIZACIÓN
Ubicación ES-MaACL
Número de control de estantería G-8890
856 ## - LOCALIZACIÓN Y ACCESO ELECTRÓNICOS
Identificador Uniforme de Recursos <a href="http://bibliotecadigitalhispanica.bne.es:80/webclient/DeliveryManager?pid=3424924&custom_att_2=simple_viewer">http://bibliotecadigitalhispanica.bne.es:80/webclient/DeliveryManager?pid=3424924&custom_att_2=simple_viewer</a>
Nota pública Biblioteca Digital Hispánica
Holdings
Estatus retirado Estado de pérdida Estado de daño No para préstamo Colección Biblioteca de origen Biblioteca actual Ubicación en estantería Fecha de adquisición Fuente de adquisición Total de préstamos Signatura topográfica completa Código de barras Visto por última vez Precio de reemplazo Tipo de ítem Koha
        Colección digital Biblioteca del Ateneo de Madrid Biblioteca del Ateneo de Madrid Sala Pecera Planta 3 17/01/2008     G-8890 1071646 23/02/2023 23/02/2023 Libro impreso antiguo